00430nam a2200181Ia 4500003000900000008004100009040001300050040001300063041000800076100002200084245006900106250001100175260002600186260000900212300001100221300001000232490000600242IT-RoPAU120407s9999 xx 000 0 und d aIT-RoPAU cIT-RoPAU aeng aGiacomo Alberione aPractices of piety and interior life. Explained by the Founder.  aBoston aDaughters of St. Paul c1970 a265 p. c18 cm v1